000 00761nam a22002417i 4500
999 _c8113
_d8113
003 URS
005 20220114153103.0
008 170322b xxu||||| |||| 00| 0 eng d
020 _a9789712721823
040 _erda
_cURSP-College Library
_beng
050 0 0 _bC81 2009
_aDS686.616.A65C81
082 _a959.90460924
_bC81 2009
100 1 _aJuico, Margie Penson
_deditor
245 _aCory An Intimate Portrait
_cMargie Penson-Juico (editor)
264 1 _aPasig City:
_bAnvil Publishing, Incorporated,
_c2009.
300 _a284 pages;
_c22cm.
336 _atext
_btxt
_2rdacontent
337 _aunmediated
_bn
_2rdamedia
338 _avolume
_bnc
_2rdacarrier
650 0 _aAquino, Corazon Cojuanco
650 0 _aPresidents
_bBiography
_zPhilippines
942 _2lcc
_cF